000 03026nam0a2200469 4500
001 RU\NLR\BIBL_A\012288528
005 20260526151537.0
010 _a978-5-7425-0191-6
_9300
021 _aRU
_bКН-П-20-028994
_9КН-П-20-2232
035 _a(NLR Aleph) 012288528
035 _a(RuMoRGB)010341944
090 _a11257437
_c11257437
100 _a20200709d2019 k y0rusy50 ca
101 0 _arus
_deng
_erus
_eeng
102 _aRU
105 _aa z 000zy
181 0 _ai
_baxxe
182 0 _an
200 1 _aТранзитная экономика: теория, методология, практика
_dTransit economy: theory, methodology, practice
_e[монография]
_fВ. А. Цветков, Н. С. Зиядуллаев, К. Х. Зоидов, А. А. Медков
_g[научный редактор: чл.-корр. РАН, доктор экономических наук, профессор В. А. Цветков]
_gРоссийская академия наук, Институт проблем рынка
_zeng
203 _aТекст
_bвизуальный
_cнепосредственный
210 _aМосква
_cЭкономическое образование
_d2019
215 _a493 с.
_cил., табл.
_d25
300 _aНа обороте тит. л. авт.: В. А. Цветков, чл.-кор. РАН, д.э.н., проф., Н. С. Зиядуллаев, Засл. деят. науки РФ, д.э.н., проф., К. Х. Зоидов, к.ф.-м.н., доц.. А. А. Медков, к.э.н.
300 _aРез. англ.
320 _aБиблиогр.: с. 468-493 (387 назв.) и в подстроч. примеч.
510 1 _aTransit economy: theory, methodology, practice
_zeng
606 1 _aТранспортные коридоры международные
_3RU\NLR\AUTH\661378075
686 1 _aУ37(0)8
701 1 _aЦветков
_bВ. А.
_cд-р экон. наук
_f1964-
_gВалерий Анатольевич
_8rus
_3RU\NLR\AUTH\7721510
_7ca
701 1 _aЗиядуллаев
_bН. С.
_gНаби Саидкаримович
701 1 _aЗоидов
_bК. Х.
_gКобилджон Ходжиевич
_8rus
_3RU\NLR\AUTH\7747925
_7ca
701 1 _aМедков
_bА. А.
_gАлексей Анатольевич
856 4 _lVNP_UCHZ
_tVIEW
_uhttps://webservices.nlr.ru/viewer/file?name=a012288528_002.txt
_yАннотация
856 4 _lVNP_UCHZ
_tVIEW
_uhttps://webservices.nlr.ru/viewer/file?name=p012288528_003.jpg
_x001
_yСтраница
856 4 _lVNP_UCHZ
_tVIEW
_uhttps://webservices.nlr.ru/viewer/file?name=p012288528_004.jpg
_x002
_yСтраница
856 4 _lVNP_UCHZ
_tVIEW
_uhttps://webservices.nlr.ru/viewer/file?name=p012288528_005.jpg
_x003
_yСтраница
856 4 1 _lVNP_UCHZ
_tVIEW
_uhttps://webservices.nlr.ru/viewer/file?name=t012288528_001.jpg
_yОбложка
942 _cBOOK
980 _aNBR
980 _aNB